Comuni della Campania - Quiz n°2 - Statistics

Statistiche generali
  • Questo quiz è stato fatto 23 volte
  • Il punteggio medio è 35 su 274
Statistiche sulle risposte
Provincia Comune % Corretto
Benevento
76%
Caserta
76%
Napoli
71%
Aversa
59%
Pozzuoli
53%
Sorrento
53%
Nola
47%
Capri
41%
Caserta Capua
41%
Pompei
41%
Santa Maria Capua Vetere
41%
Napoli Afragola
35%
Anacapri
35%
Bacoli
35%
Castellammare di Stabia
35%
Ercolano
35%
Giugliano in Campania
35%
Ischia
35%
Maddaloni
35%
Meta
35%
Procida
35%
Torre del Greco
35%
Vico Equense
35%
Napoli Acerra
29%
Agerola
29%
Brusciano
29%
Casamicciola Terme
29%
Casandrino
29%
Casoria
29%
Castel Volturno
29%
Marcianise
29%
Massa Lubrense
29%
Mondragone
29%
Piano di Sorrento
29%
Piedimonte Matese
29%
San Felice a Cancello
29%
Torre Annunziata
29%
Benevento Airola
24%
Arzano
24%
Barano d'Ischia
24%
Calvi
24%
Calvizzano
24%
Capodrise
24%
Casagiove
24%
Casaluce
24%
Cicciano
24%
Forio
24%
Gragnano
24%
Marano di Napoli
24%
Melito
24%
Monte di Procida
24%
Mugnano di Napoli
24%
Ottaviano
24%
Portici
24%
Qualiano
24%
Quarto
24%
Roccamonfina
24%
San Giorgio a Cremano
24%
San Giuseppe Vesuviano
24%
Sant'Agnello
24%
Sant'Antimo
24%
Saviano
24%
Sessa Aurunca
24%
Somma Vesuviana
24%
Apice
18%
Bonea
18%
Caiazzo
18%
Caivano
18%
Calvi Risorta
18%
Cancello ed Arnone
18%
Casal di Principe
18%
Casalnuovo di Napoli
18%
Casapulla
18%
Casavatore
18%
Cellole
18%
Cercola
18%
Frattamaggiore
18%
Frattaminore
18%
Grazzanise
18%
Lacco Ameno
18%
Massa di Somma
18%
Montesarchio
18%
Parete
18%
Pietralcina
18%
Pollena Trocchia
18%
Pomigliano d'Arco
18%
Roccarainola
18%
San Marco Evangelista
18%
San Nicola la Strada
18%
San Sebastiano al Vesuvio
18%
Sant'Agata de' Goti
18%
San Tammaro
18%
Sant'Anastasia
18%
Sant'Antonio Abate
18%
Scisciano
18%
Succivo
18%
Trentola Ducenta
18%
Villaricca
18%
Volla
18%
Alife
12%
Amorosi
12%
Apollosa
12%
Bellona
12%
Boscoreale
12%
Boscotrecase
12%
Bucciano
12%
Cardito
12%
Carinaro
12%
Carinola
12%
Casamarciano
12%
Casapesenna
12%
Castello di Cisterna
12%
Ceppaloni
12%
Cerreto Sannita
12%
Grumo Nevano
12%
Guardia Sanframondi
12%
Lettere
12%
Limatola
12%
Lusciano
12%
Mariglianella
12%
Marigliano
12%
Moiano
12%
Morcone
12%
Poggiomarino
12%
Recale
12%
San Cipriano d'Aversa
12%
San Gennaro Vesuviano
12%
Santa Maria la Fossa
12%
Teano
12%
Telese Terme
12%
Terzigno
12%
Tocco Caudio
12%
Trecase
12%
Vairano Patenora
12%
Valle di Maddaloni
12%
Villa Literno
12%
Vitulazio
12%
Caserta Ailano
6%
Alvignano
6%
Arienzo
6%
Arpaia
6%
Arpaise
6%
Baia e Latina
6%
Baselice
6%
Buonalbergo
6%
Caianello
6%
Campolattaro
6%
Campoli del Monte Taburno
6%
Casalduni
6%
Castelvenere
6%
Cautano
6%
Cesa
6%
Cimitile
6%
Ciorlano
6%
Circello
6%
Colle Sannita
6%
Crispano
6%
Curti
6%
Cusano Mutri
6%
Dugenta
6%
Durazzano
6%
Faicchio
6%
Foglianise
6%
Frignano
6%
Gallo Matese
6%
Galluccio
6%
Ginestra degli Schiavoni
6%
Gioia Sannitica
6%
Gricignano di Aversa
6%
Paduli
6%
Palma Campania
6%
Pesco Sannita
6%
Pietramelara
6%
Pietraroja
6%
Pietravairano
6%
Pimonte
6%
Prata Sannita
6%
Presenzano
6%
Puglianello
6%
Riardo
6%
Rocca d'Evandro
6%
San Bartolomeo in Galdo
6%
San Gregorio Matese
6%
San Lorenzello
6%
San Lupo
6%
San Marcellino
6%
San Salvatore Telesino
6%
Santa Maria a Vico
6%
Santa Maria la Carità
6%
Sassinoro
6%
Sparanise
6%
Striano
6%
Villa di Briano
6%
Visciano
6%
Vitulano
6%
Camigliano
0%
Camposano
0%
Capriati a Volturno
0%
Carbonara di Nola
0%
Casola di Napoli
0%
Castel Campagnano
0%
Castel di Sasso
0%
Castelfranco in Miscano
0%
Castello del Matese
0%
Castel Morrone
0%
Castelpagano
0%
Castelpoto
0%
Castelvetere in Val Fortore
0%
Cervino
0%
Comiziano
0%
Conca della Campania
0%
Dragoni
0%
Falciano del Massico
0%
Foiano di Val Fortore
0%
Fontegreca
0%
Forchia
0%
Formicola
0%
Fragneto l'Abate
0%
Fragneto Monforte
0%
Francolise
0%
Frasso Telesino
0%
Giano Vetusto
0%
Letino
0%
Liberi
0%
Liveri
0%
Macerata Campania
0%
Marzano Appio
0%
Melizzano
0%
Mignano Monte Lungo
0%
Molinara
0%
Montefalcone di Val Fortore
0%
Orta di Atella
0%
Pago Veiano
0%
Pannarano
0%
Paolisi
0%
Pastorano
0%
Paupisi
0%
Piana di Monte Verna
0%
Pignaturo Maggiore
0%
Ponte
0%
Pontelandolfo
0%
Pontelatone
0%
Portico di Caserta
0%
Pratella
0%
Raviscanina
0%
Reino
0%
Roccaromana
0%
Rocchetta e Croce
0%
Ruviano
0%
San Giorgio del Sannio
0%
San Giorgio La Molara
0%
San Leucio del Sannio
0%
San Lorenzo Maggiore
0%
San Marco dei Cavoti
0%
San Martino Sannita
0%
San Nazzaro
0%
San Nicola Manfredi
0%
San Paolo Bel Sito
0%
San Pietro Infine
0%
San Potito Sannitico
0%
San Prisco
0%
Santa Croce del Sannio
0%
Sant'Angelo a Cupolo
0%
Sant'Angelo d'Alife
0%
Sant'Aprino
0%
Sant'Arcangelo Trimonte
0%
Serrana Fontana
0%
Sna Vitaliano
0%
Solpaca
0%
Tevarola
0%
Tora e Piccilli
0%
Torrecuso
0%
Tufino
0%
Valle Agricola
0%
Nessun quiz corrispondente trovato
Distribuzione punteggi
Percentuale di utenti per punteggio
Percentile per numero di risposta
I tuoi punteggi nel tempo
Non hai fatto questo quiz